000 00820nam a2200253Ia 4500
003 OSt
005 20220918110744.0
006 a|||||r|||| 00| 0
007 ta
008 220915b |||||||| |||| 00| 0 hin d
024 _a228280
037 _cReference Collections
040 _aARTS
_cARTS
_bhin
041 _2hin
_ahin
082 _aRk, 152M8(RR)
100 _aफरोलोव, आई टी, संपा.
_99384
245 0 _aदर्शन कोश
246 _aDarshan kosha
260 _aदिल्ली
_bप्रगति प्रकाशन भारत
_c1988
300 _a776पृ
650 _aभारतीय दर्शन
942 _hRk, 152M8(RR)
_cREF
999 _c114504
_d114504